Etika a integrita veřejné správy /

Hlavní autor: Bohatá, Marie, 1948-
Jazyk: Čeština
Vydáno: Praha : Grada, 2021
Vydání: Vydání 1.
Témata:
Fyzický popis: 175 stran : barevné ilustrace ; 25 cm
Knihy
Uloženo v:
LEADER 01977nam a2200493 i 4500
001 nkc20213375745
003 CZ PrNK
005 20231129092527.0
007 ta
008 211122s2021 xr a f 001 0 cze
015 |a cnb003375745 
020 |a 978-80-271-3311-6  |q (vázáno) :  |c Kč 239,00 
035 |a (OCoLC)1310112099 
040 |a ABA001  |b cze  |d BOA001  |e rda 
072 7 |a 35.07  |x Organizace a řízení veřejné správy  |2 Konspekt  |9 15 
080 |a 35  |2 MRF 
080 |a 17:35  |2 MRF 
080 |a 35.07  |2 MRF 
080 |a (048.8:082)  |2 MRF 
100 1 |a Bohatá, Marie,  |d 1948-  |7 ola20050411001  |4 aut 
245 1 0 |a Etika a integrita veřejné správy /  |c Marie Bohatá a kolektiv 
250 |a Vydání 1. 
264 1 |a Praha :  |b Grada,  |c 2021 
300 |a 175 stran :  |b barevné ilustrace ;  |c 25 cm 
336 |a text  |b txt  |2 rdacontent 
337 |a bez média  |b n  |2 rdamedia 
338 |a svazek  |b nc  |2 rdacarrier 
504 |a Obsahuje bibliografii, bibliografické odkazy a rejstřík 
650 0 7 |a veřejná správa  |7 ph127076  |2 czenas 
650 0 7 |a etika veřejné správy  |7 ph138736  |2 czenas 
650 0 7 |a management veřejné správy  |7 ph493990  |2 czenas 
650 0 9 |a public administration  |2 eczenas 
650 0 9 |a ethics of public administration  |2 eczenas 
650 0 9 |a public administration management  |2 eczenas 
655 7 |a kolektivní monografie  |7 fd501537  |2 czenas 
655 9 |a collective monographs  |2 eczenas 
910 2 |a BOA001  |b 2-1481.593 
990 |a BK 
995 |a 01 
991 |b 202203  |c NOV 
996 6 |b 2610893844  |c 2-1481.593  |l MZK  |r Sklad / do 1 hodiny  |n 4  |p p.v.  |w 001877696  |u 000010  |a 1  |e BOA001  |j MZK50  |s P 
996 7 |b 2610901438  |c 2-1481.593  |l Vol.výběr  |r VV 0p  |n 5  |p kup  |h 35 BOH  |w 001877696  |u 000020  |a 0  |e BOA001  |j MZK50  |s A 
996 7 |b 2610955184  |c 2-1481.593  |l Vol.výběr  |r VV 0p  |n 5  |p kup  |h 35 BOH  |w 001877696  |u 000030  |a 0  |e BOA001  |j MZK50  |s A 
996 7 |b 2610955185  |c 2-1481.593  |l Vol.výběr  |r VV 0p  |n 1  |p kup  |h 35 BOH  |w 001877696  |u 000040  |a 0  |e BOA001  |j MZK50  |s A